Politique Française en M - Statistiques

Statistiques générales
  • Ce quiz a été pris 326 fois
  • Le résultat moyen est 6 sur 10
Statistiques - réponses
Hint Réponse % Correct
Premier président socialiste de la Ve République François Mitterrand
97%
Président de la République depuis 2017 Emmanuel Macron
92%
Ancien sénateur socialiste au passé de trotskiste lambertiste, il a fondé La France Insoumise (LFI) en 2016. Candidat à l’élection présidentielle en 2012, 2017 et 2022. Jean-Luc Mélenchon
85%
Socialiste, maire de Lille de 1973 à 2001, il a également été premier ministre entre 1981 et 1984. Pierre Mauroy
54%
Auteur, antifasciste, résistant, il fût ministre de la Culture de Charles de Gaulle sous le gouvernement de Michel Debré. Il est notamment l’auteur de La Condition Humaine. André Malraux
53%
Secrétaire général de la CGT de 2015 à 2023, il est connu pour sa moustache reconnaissable. Philippe Martinez
49%
Charge publique élective, notamment dans le cadre d’une assemblée élue Mandat
42%
Actuel président de la Cour des Comptes, il a été ministre sous les gouvernements Jospin et Ayrault, respectivement aux affaires européennes et à l’économie. Pierre Moscovici
40%
Auteur, essayiste et théoricien politique, il est très influent dans la pensée d’extrême droite. Fondateur de l’Action Française, il prône l’antisémitisme d’Etat et la xénophobie. Il sera arrêté et condamné à la réclusion criminelle à perpétuité en 1945. Charles Maurras
37%
Premier Ministre de 1972 à 1974 sous la présidence de Georges Pompidou, il a été résistant au sein des Forces Françaises Libres (FFL). Pierre Messmer
27%
Aucun quiz correspondant
Distribution des résultats
% des personnes avec chaque résultat
Percentile par nombre de réponses
Votre historique - résultats
Vous n’avez pas pris ce quiz